Maniac - Conan Gray (All Lyrics) - Statistics

General Stats
  • This quiz has been taken 2,076 times
  • The average score is 276 of 335
Answer Stats
Maniac % Correct
a
99%
Post-Chorus | Verse 1 | Verse 2 You
99%
you
99%
I
98%
your
98%
friends
97%
Intro Maniac
96%
maniac
96%
the
96%
When
96%
and
95%
And
95%
We
95%
I'm
94%
me
94%
with
94%
With
94%
all
93%
want
93%
tell
92%
Chorus Tell
92%
that
92%
That
92%
what
92%
back
91%
back?
91%
in
91%
So
91%
so
91%
were
91%
crazy
90%
partyin'
90%
Do
89%
do
89%
mad
88%
drive
87%
alcohol
86%
stalker
86%
of
85%
watcher
85%
kicked
84%
like
84%
people
84%
can't
83%
have
83%
just
83%
always
82%
at
82%
hate
82%
my
82%
to
82%
call
81%
for
81%
show
81%
them
81%
up
81%
psychopath
80%
they
80%
But
79%
but
79%
dated
78%
such
78%
why
78%
Said
77%
wanted
77%
think
76%
know
74%
alone
73%
dead
73%
laughs
72%
trash
72%
shovel
71%
Pre-Chorus Cause
69%
home
69%
past
69%
joke?
68%
rose
67%
should
66%
be
63%
car
56%
em'
56%
turn
56%
you're
56%
Now
54%
place
53%
too
53%
went
52%
cryin'
51%
far
51%
dark
50%
rat
50%
pack
49%
face
46%
right
46%
stay
45%
tears
45%
away
43%
beg
43%
don't
43%
Wipe
43%
it
42%
off
42%
called
41%
heart
40%
breakin'
39%
dramatic
39%
had
39%
made
36%
magic
36%
tragic
35%
While
35%
Wrecked
34%
get
31%
Bridge Psychopathic
30%
some
30%
Pre-Chorus Well
30%
Listen
29%
manic
29%
need
28%
help
27%
honestly
27%
I've
27%
yourself
27%
No matching quizzes found
Score Distribution
Percent of People with Each Score
Percentile by Number Answered
Your Score History
You have not taken this quiz